| 000 | 00710cam a2200229 a 4500 | ||
|---|---|---|---|
| 001 | 4770582 | ||
| 005 | 20180130034513.0 | ||
| 008 | 860918s1987 nyua b 001 0 eng | ||
| 010 | _a 86023652 | ||
| 020 |
_a0195040929 (alk. paper) : _c$23.95 |
||
| 020 |
_a0195041909 (pbk. : alk. paper) : _c$13.95 |
||
| 040 |
_aDLC _cDLC _dDLC |
||
| 041 | _aeng | ||
| 080 | _a304.6 | ||
| 082 | 0 | 0 |
_a304.6 MEN _219 |
| 100 | _a19 | ||
| 101 | _aSHP | ||
| 245 | 0 | 0 |
_aPerspectives on population : _c[compiled by] Scott W. Menard and Elizabeth W. Moen. |
| 504 | _aIncludes bibliographies and indexes. | ||
| 906 |
_a7 _bcbc _corignew _d1 _eocip _f19 _gy-gencatlg |
||
| 942 |
_2ddc _cBK |
||
| 999 |
_c41224 _d41224 |
||